000 00933nam a2200253Ia 4500
001 21732
005 20260320113308.0
008 260320s9999||||xx |||||||||||||| ||und||
020 _a9786123330903
041 _aESP
082 _a345
_bV67 T. 2
100 _aVillegas Paiva, Elky Alexander
_eAUT
245 0 _aEl derecho procesal penal aplicado :
_btodas las instituciones del proceso penal interpretadas y explicadas por la Corte Suprema, el Tribunal Constitucional y la Corte Interamericana de Derechos humanos
246 _a
_5
_b
250 _aPrimera edición
260 _aLima :
_bGaceta Jurídica,
_c2024
300 _a831 páginas :
_b
_c25 cm.
_e
440 _a
_n
_v
650 _aDER
653 _aDerecho; Derecho procesal penal; Aplicaciones
700 _a
_c
856 _uhttps://palestra-tirantonline-com.ucsp.lookproxy.com/base/per
_zVéase además: Base de datos Tirantpalestra
942 _cLIB
_dJUS
_fMIP
_2ddc
_n
999 _c21732
_d21732